Normal view MARC view

Entry Personal Name

Number of records used in: 1

001 - CONTROL NUMBER

  • control field: 30095

003 - CONTROL NUMBER IDENTIFIER

  • control field: OSt

005 - DATE AND TIME OF LATEST TRANSACTION

  • control field: 20211105135328.0

008 - FIXED-LENGTH DATA ELEMENTS

  • fixed length control field: 211105|| aca||aabn | a|a d

040 ## - CATALOGING SOURCE

  • Original cataloging agency: OSt
  • Transcribing agency: OSt

100 ## - HEADING--PERSONAL NAME

  • Personal name: Erdelyi, R. ed

670 ## - SOURCE DATA FOUND

  • Source citation: Work cat.: (OSt): NATO Advanced Research Workshop Hungary 2002 Sept. 16-20 30094, Turbulence, waves and instabilities in the solar plasma, 2004

Powered by Koha